000 00510nam a2200097Ia 4500
008 170517s9999 xx 000 0 und d
245 _aBorn at the Burnt Land
300 _aFollowing the resolution of Operation Desert Storm in 1991, American troops returned home to a rousing welcome from a grateful public. But for many of these veterans, their war had just begun. Widespread incidents of memory loss, eyesight impairment...
650 _xTechnology.
856 _uhttp://topdocumentaryfilms.com/born-burnt-land/
999 _c335017
_d335017